A fiatal nemzedék problémái

Elmentve itt :
Bibliográfiai részletek
Szerző: Fischer, Ernst
Adatforrás:Philobibl
Dokumentumtípus: Könyv
Nyelv:magyar
Megjelent: Bp. 1964
LEADER 00281nam a2200109 c 4500
001 bibDOK00021034
005 20200924121522.3
008 060518s1964 hu hun
100 1 |a Fischer, Ernst 
245 1 2 |a A fiatal nemzedék problémái  |c Fischer, Ernst 
260 |a Bp.  |c 1964 
300 |a 255 p. p.